000 00708nam a2200289Ia 4500
005 20260324130750.0
008 008 260324s9999 xx 000 0 eng d
020 _a9781315681818
037 _aEBOOK
040 _aCRL
040 _beng
040 _cCRL
041 _2eng
041 _aeng
084 _qCRL
100 _aSteven Crowell; Burt Hopkins
_91183007
245 4 _aThe New Yearbook for Phenomenology and Phenomenological Philosophy
245 0 _bVolume 7
260 _bTaylor and Francis
260 _c2007
365 _a
365 _b350
856 _uhttp://www.taylorfrancis.com/books/9781315681818
942 _cEBOOK
999 _c1779480
_d1779480